000
00400nam a2200133Ia 4500
008
100328s9999 xx 000 0 und d
082
_b
60222
100
_a
कोतवाल अशोक.
245
_a
मौनातील पडझड.
260
_b
गं्रथाली.
630
_a
मौनातील पडझड.
730
_a
मौनातील पडझड.
942
_c
BOOK
999
_c
546384
_d
546381